000 00335nab a22001097u 4500
008 130520b1991 xxu||||| |||| 00| 0 spa d
041 _aspa
100 1 _aOppenheimer, H.
_967519
245 0 0 _aReflexiones sobre la experiencia de envejecer
_cH. Oppenheimer
773 0 _tConcilium
_gV.1,1991,págs.403-412
_x0210-1041
_wRev134
942 _cAR
999 _c355625
_d355625